| 000 | 01532cam a2200337 a 4500 | ||
|---|---|---|---|
| 001 | 15316020 | ||
| 005 | 20090403120302.0 | ||
| 008 | 080604s2009 enka b 001 0 eng | ||
| 010 | _a 2008024950 | ||
| 020 | _a0136060862 | ||
| 020 | _a9780136060864 | ||
| 035 | _a(OCoLC)231164402 | ||
| 040 |
_aDLC _cDLC _dBAKER _dBTCTA _dOCLCG _dC#P _dBWX _dYDXCP _dDLC |
||
| 050 | 0 | 0 |
_aQA76.64 _b.B385 2009 |
| 082 | 0 | 0 |
_a005.117 _222 _bBAR |
| 100 | 1 |
_aBarnes, David J. _q(David John), _d1959 June 7- _94688 |
|
| 245 | 1 | 0 |
_aObjects First with Java : _bA Practical Introduction Using BlueJ / _cDavid J. Barnes and Michael Kolling. |
| 250 | _a4th ed. | ||
| 260 |
_aHarlow, England ; _aNew York : _bPrentice Hall, 2009 _cc2009. |
||
| 300 |
_axxxii, 516 p. : _bill. (chiefly col.) ; _c24 cm. |
||
| 504 | _aIncludes bibliographical references and index. | ||
| 650 | 0 |
_aObject-oriented programming (Computer science) _94689 |
|
| 650 | 0 |
_aJava (Computer program language) _94690 |
|
| 650 | 0 |
_aComputer science _xStudy and teaching. _94691 |
|
| 653 | _bCS | ||
| 700 | 1 |
_aKolling, Michael. _94692 |
|
| 942 |
_2ddc _cBB |
||
| 999 |
_c11519 _d11519 |
||